LEADER 01014nam0 22002651i 450 001 UON00224898 005 20231205103432.213 100 $a20030730d1972 |0itac50 ba 101 $apol 102 $aPL 105 $a|||| 1|||| 200 1 $aMieszkancy masowej wyobrazni$fKrzystof Teodor Toeplitz 210 $aWarszawa$cPanstwowy Institut Wydawniczy$d1972 215 $a209 p.$d18 cm. 606 $aCULTURA DI MASSA$3UONC059030$2FI 620 $aPL$dWarszawa$3UONL000573 676 $a301.3$cSociologia e antropologia$v21 700 1$aTEOPLITZ$bKrzysztof Teodor$3UONV168714$0686271 712 $aPanstwowy Instytut Wydawniczy$3UONV266283$4650 801 $aIT$bSOL$c20240220$gRICA 899 $aSIBA - SISTEMA BIBLIOTECARIO DI ATENEO$2UONSI 912 $aUON00224898 950 $aSIBA - SISTEMA BIBLIOTECARIO DI ATENEO$dSI POLACCO C 0412 $eSI EO 32439 5 0412 996 $aMieszkancy masowej wyobrazni$91269604 997 $aUNIOR